| 000 | 00641 a2200193 4500 | ||
|---|---|---|---|
| 020 | _a9780821851937 | ||
| 020 | _a9780821851937 | ||
| 082 | 0 | 4 | _a514.72 |
| 090 |
_c194 _d194 |
||
| 100 | 1 | _aGuillemin, Victor. | |
| 245 | 1 | 0 |
_aDifferential topology / _cVictor Guillemin, Alan Pollack. |
| 260 |
_a[S.l.] : _bAmerican Mathematical Society, _c1974 |
||
| 300 |
_a222 p. ; _c27 cm. |
||
| 490 | 1 | _aAms chelsea publishing. | |
| 700 | _aPollack, Ala | ||
| 830 | _aAms chelsea publishin | ||
| 942 |
_aSNS _cBK _k514.7 GUI |
||
| 999 |
_c28831 _d28831 |
||